000 00639cam a22002291 4500
001 sa 64005146
003 DLC
005 20260227112030.0
008 840919s1964 pk 000 0 eng
010 _asa 64005146
025 _aPl480 : P-E-489
035 _a(OCoLC)11172558
040 _aDLC
_cCoDU
_dDLC
042 _apremarc
050 0 0 _aHG3290.5
_b.M43
100 1 _aMeenai, S. A.
_q(Saeed Ahmed),
_d1924-
245 1 0 _aBanking system of Pakistan,
_cby S. A. Meenai.
260 _a[Karachi?
_c1964]
300 _aiii, 147 p.
_billus.
_c22 cm.
504 _aBibliography : p. [146]-147.
650 0 _aBanks and banking
_zPakistan.
999 _c58968
_d58968